| 000 | 00000nam 2200000zi 4500 |
| 001 | 9.935030 |
| 003 | CaOODSP |
| 005 | 20250129115759 |
| 006 | m o d f |
| 007 | cr ||||||||||| |
| 008 | 240307e20240503onc ob f000 0 eng d |
| 020 | |a9780660706436 |
| 040 | |aCaOODSP|beng|erda|cCaOODSP |
| 043 | |an-cn--- |
| 086 | 1 |aCP32-169/1-2024E-PDF |
| 100 | 1 |aHogue, Marie-JoseĢe, |eauthor. |
| 245 | 10|aPublic inquiry into foreign interference in federal electoral processes and democratic institutions : |binitial report / |cthe Honourable Marie-Josée Hogue, Commissioner. |
| 264 | 1|a[Ottawa] : |bPrivy Council Office = Bureau du Conseil privé, |c3 May 2024. |
| 264 | 4|c©2024 |
| 300 | |a1 online resource (193 pages) |
| 336 | |atext|btxt|2rdacontent |
| 337 | |acomputer|bc|2rdamedia |
| 338 | |aonline resource|bcr|2rdacarrier |
| 500 | |aIssued also in French under title: Enquête publique sur l'ingérence étrangère dans les processus électoraux et les institutions démocratiques fédéraux : rapport initial. |
| 504 | |aIncludes bibliographical references. |
| 650 | 0|aForeign interference in elections|zCanada. |
| 650 | 0|aElection security|zCanada. |
| 650 | 0|aNational security|zCanada. |
| 710 | 1 |aCanada. |bPrivy Council Office, |eissuing body. |
| 775 | 08|tEnquête publique sur l'ingérence étrangère dans les processus électoraux et les institutions démocratiques fédéraux : |w(CaOODSP)9.935032 |
| 776 | 0#|tForeign Interference Commission - initial report. |w(CaOODSP)9.935031 |
| 856 | 40|qPDF|s1.70 MB|uhttps://publications.gc.ca/collections/collection_2024/bcp-pco/CP32-169-1-2024-eng.pdf |